Art škôlka

Saved in:
Bibliographic Details
Main Author: Kozáková, Petra (Author)
Other Authors: Botek, Andrej (Thesis advisor)
Format: Manuscript Book
Language:Slovak
Published: Bratislava 2017
Subjects:
Online Access:http://is.stuba.sk/zp/portal_zp.pl?podrobnosti=111665
Tags: Add Tag
No Tags, Be the first to tag this record!

MARC

LEADER 00000ntm a22000003a 4500
001 stuzp63826
003 SK-STU
005 20210201083749.5
007 ta
008 150427s2015----xo-----f-mn---000-0-slo-d
040 |a STU  |b slo 
041 0 |a slo 
100 1 |a Kozáková, Petra  |u 053130  |4 aut  |U FAD Fakulta architektúry  |T FA Ústav dejín a teórie architektúry a obnovy pamiatok  |X 65350  |U A3130  |Y 394  |7 65350 
242 0 1 |a Art Kindergarten  |y eng 
245 1 0 |a Art škôlka 
260 |c 2017  |a Bratislava 
650 4 |a umenie  |2 slo 
650 4 |a vzdelávanie  |2 slo 
650 4 |a škôlka  |2 slo 
650 4 |a kindergarten  |2 eng 
650 4 |a education  |2 eng 
650 4 |a art  |2 eng 
700 1 |a Botek, Andrej  |u 053130  |k Z2  |4 ths  |U FAD Fakulta architektúry  |T FA Ústav dejín a teórie architektúry a obnovy pamiatok  |X 351  |U A3130  |Y 394  |7 A000000351 
856 4 |u http://is.stuba.sk/zp/portal_zp.pl?podrobnosti=111665  |u https://opac.crzp.sk/?fn=detailBiblioForm&sid=85D30AFD358849054C99B24E20A9